3706-海部郡(徳島県)の駅 - Statistics

General Stats
  • This quiz has been taken 4 times
  • The average score is 7 of 13
Answer Stats
Answer % Correct
牟岐
100%
海部
100%
由岐
75%
日和佐
75%
阿波海南
75%
木岐
50%
鯖瀬
50%
田井ノ浜
25%
北河内
25%
山河内
25%
辺川
25%
浅川
25%
穴喰
25%
No matching quizzes found
Score Distribution
Percent of People with Each Score
Percentile by Number Answered
Your Score History
You have not taken this quiz